000 01126nam a2200229Ia 4500
001 8887
003 GE_BSU
008 181216s||||||||xx |||||||||||||| ||und||
040 _cGE_BSU
080 _a821.353.1-92+94(479.223)
245 _aიყო და მარად იქნება
245 _bპუბლიცისტური წერილების,მოთხრობების,ლექსებისა და მოგონებების კრებული მიძღვნილი აჭარისადმი
245 _cშემდგ. მ.ვარშანიძე
260 _aბათუმი
260 _bსაბჭოთა აჭარა
260 _c1978
300 _a292გვ.20სმ.
541 _h5ლ.
653 _aიყო და მარად იქნება
653 _aპუბლიცისტური წერილების,მოთხრობების,ლექსებისა და მოგონებების კრებული მიძღვნილი აჭარისადმი
942 _cBK
999 _c42194
_d42194